| 000 | 02102nam a22004697a 4500 | ||
|---|---|---|---|
| 003 | CHAP | ||
| 005 | 20220329134351.0 | ||
| 008 | 971013s1977 r 00010 d | ||
| 010 | _a19437 | ||
| 011 | _a20409 | ||
| 035 | _a24497 | ||
| 040 | _cCHAP | ||
| 082 |
_a635.65 _bC4 |
||
| 110 |
_aCentro Internacional de Agricultura Tropical _921185 |
||
| 245 | _aResúmenes analíticos sobre pastos tropicales | ||
| 260 |
_a(Bogotá : _bEl Centro), _c1977- |
||
| 300 | _a1979- | ||
| 500 | _aLa biblioteca tiene: v.1, v.2, v.5 pte.1-3, v.6 pte.1-3, v.7 pte. 1-2, v.7 pte.1-3 (1985), v.8 pte.2(1986) | ||
| 590 |
_aBATCH-UPD _b10 _c20130110 _lUCH01 _h1505 |
||
| 590 |
_aBATCH-UPD _b10 _c20130410 _lUCH01 _h0925 |
||
| 590 |
_aBATCH-UPD _b10 _c20130914 _lUCH01 _h1903 |
||
| 590 |
_aCONVERSION _b10 _c20130109 _lUCH01 _h1312 |
||
| 650 | 1 | 4 |
_aPastos _xBibliografía. _985996 |
| 650 | 1 | 4 |
_aPastos _xTrópicos. _986085 |
| 901 | _aBK | ||
| 942 | _cLIBRO | ||
| 949 |
_a584.9 C4 _bBC _cC _d-56422 _eC _fv.6 pte.2 c.2 _h68375 _i24497 _si |
||
| 949 |
_a584.9 C4 _bBC _cC _d33724000525689 _eC _fv.5 pte.2 _h60997 _i24497 _si |
||
| 949 |
_a584.9 C4 _bBC _cC _d33724000525705 _eC _fv.2 _h54691 _i24497 _si |
||
| 949 |
_a584.9 C4 _bBC _cC _d33724000525713 _eC _fv.6 pte.2 _h62487 _i24497 _si |
||
| 949 |
_a584.9 C4 _bBC _cC _d33724000525721 _eC _fv.6 pte.1 c.2 _h68375 _i24497 _si |
||
| 949 |
_a584.9 C4 _bBC _cC _d33724000525739 _eC _fv.6 pte.3 _h64101 _i24497 _si |
||
| 949 |
_a584.9 C4 _bBC _cC _d33724000525747 _eC _fv.7 pte.2 _h71217 _i24497 _si |
||
| 949 |
_a584.9 C4 _bBC _cC _d33724000525754 _eC _fv.5 pte.3 _h60436 _i24497 _si |
||
| 949 |
_a584.9 C4 _bBC _cC _d33724000525762 _eC _fv.5 pte.1 _h60435 _i24497 _si |
||
| 949 |
_a584.9 C4 _bBC _cC _d33724000525770 _eC _fv.8 pte.1 _h71218 _i24497 _si |
||
| 949 |
_a584.9 C4 _bBC _cC _d33724000525796 _eC _fv.6 pte.1 _h61904 _i24497 _si |
||
| 949 |
_a584.9 C4 _bBC _cC _d33724000525804 _eC _fv.7 pte.3 _h593 _i24497 _si |
||
| 949 |
_a584.9 C4 _bBC _cC _d33724000525812 _eC _fv.8 pte.2 _h71723 _i24497 _si |
||
| 949 |
_a584.9 C4 _bBC _cC _d33724000525838 _eC _fv.1 _h790 _i24497 _si |
||
| 949 |
_a584.9 C4 _bBC _cC _d33724000604807 _eC _fv.7 pte.1 _h64074 _i24497 _si |
||
| 999 |
_c19437 _d19437 |
||